| 000 | 00000nam##2200000za#4500 |
| 001 | 9.568264 |
| 003 | CaOODSP |
| 005 | 20240215150447 |
| 007 | cr ||||||||||| |
| 008 | 150406|1998||||xxc|||||o f|0| 0 eng|d |
| 040 | |aCaOODSP|beng |
| 043 | |an-cn--- |
| 086 | 1 |aPS83-3/73E-PDF |
| 110 | 2 |aCorrectional Service Canada. |
| 245 | 10|aResults of a pilot study of the Peer Support Program for Women Offenders / |h[electronic resource]|c[by] Kelley Blanchette and Gordana Eljdupovic-Guzina. |
| 260 | |bCorrectional Service Canada |cAugust 1998. |
| 300 | |a99p.|bfig., references, tables |
| 490 | 1 |aResearch report|v[R-73] |
| 590 | |a10-12-Supp|b2010-11-18 |
| 720 | 1 |aBlanchette, Kelley |
| 720 | 1 |aEljdupovic-Guzina, Gordana |
| 775 | 08|tRésultats d'une étude pilote du Programme d'entraide des délinquantes / |w(CaOODSP)9.599554 |
| 830 | #0|aResearch report (Correctional Service Canada. Research Branch)|v[R-73]|w(CaOODSP)9.506063 |
| 856 | 40|ahttp://publications.gc.ca|qPDF|s277 KB|uhttps://publications.gc.ca/collections/collection_2010/scc-csc/PS83-3-73-eng.pdf|y[R-73] |